| 000 -ლიდერი |
| ფიქსირებული სიგრძის საკონტროლო ველი |
01152nam a2200265Ia 4500 |
| 001 - საკონტროლო ნომერი |
| საკონტროლო ველი |
3643 |
| 003 - საკონტროლო ნომრის იდენტიფიკატორი |
| საკონტროლო ველი |
GE_BSU |
| 005 - ბოლო ოპერაციის თარიღი და დრო |
| საკონტროლო ველი |
20190524153546.0 |
| 008 - ფიქსირებული სიგრძის მონაცემთა ელემენტები - ზოგადი ინფორმაცია |
| ფიქსირებული სიგრძის საკონტროლო ველი |
181216s1985|||| |||||||||||||| ||geo|| |
| 040 ## - კატალოგიზაციის წყარო |
| Transcribing agency |
GE_BSU |
| 041 ## - ენის კოდი |
| Language code of text/sound track or separate title |
geo |
| 080 ## - უნივერსალური ათობითი კლასიფიკაციის ინდექსი |
| Universal Decimal Classification number |
519.6(072) გ–19 |
| 245 ## - ცნობა სათაურის შესახებ |
| Title |
გამოთვლითი მათემატიკა : დამხმ. სახელმძღ. / |
| Statement of responsibility, etc |
ს. თოფურია ; გ. აბესაძე ; გ. ოზბეგაშვილი ; გ. ხოჭოლავა ; რედ : ე. გიორგაძე |
| 264 ## - წარმოების, გამოცემის, დისტრიბუციის და სხვა ცნობები |
| გამოცემის, წარმოების, დისტრიბუციის... ადგილი |
თბილისი : |
| გამოცემის, წარმოების, დისტრიბუციის... სახელწოდება |
სპი, |
| გამოცემის, წარმოების, დისტრიბუციის... თარიღი |
1985. |
| 300 ## - ფიზიკური აღწერა |
| Extent |
144 გვ .: |
| Dimensions |
20 სმ. |
| 501 ## - შენიშვნა თანმხლებ მასალაზე |
| With note |
ბიბლიოგრაფ:გვ.143 |
| 653 ## - INDEX TERM--UNCONTROLLED |
| Uncontrolled term |
გამოთვლითი მათემატიკა |
| 653 ## - INDEX TERM--UNCONTROLLED |
| Uncontrolled term |
მათემატიკა |
| 700 ## - ADDED ENTRY--PERSONAL NAME |
| Personal name |
თოფურია,ს |
| 9 (RLIN) |
1414 |
| 700 ## - ADDED ENTRY--PERSONAL NAME |
| Personal name |
აბესაძე, გ |
| 9 (RLIN) |
1415 |
| 700 ## - ADDED ENTRY--PERSONAL NAME |
| Personal name |
ოზბეგაშვილი,,გ |
| 9 (RLIN) |
1576 |
| 700 ## - ADDED ENTRY--PERSONAL NAME |
| Personal name |
ხოჭოლავა,გ |
| 9 (RLIN) |
1577 |
| 700 ## - ADDED ENTRY--PERSONAL NAME |
| Personal name |
გიორგაძე, ე |
| Relator term |
რედაქტორი |
| 9 (RLIN) |
398 |
| 942 ## - ADDED ENTRY ELEMENTS (KOHA) |
| Koha item type |
წიგნი |
| Source of classification or shelving scheme |
|